|
|
|
|
| LEADER |
00000nam0a2200000 4500 |
| 001 |
285353 |
| 005 |
20260407155615.0 |
| 010 |
|
|
|a 9785438705253
|
| 035 |
|
|
|a (RuTPU)RU\TPU\book\309590
|
| 090 |
|
|
|a 285353
|
| 100 |
|
|
|a 20150224d2014 k y0rusy50 ca
|
| 101 |
0 |
|
|a rus
|
| 102 |
|
|
|a RU
|
| 105 |
|
|
|a a z 001zy
|
| 200 |
1 |
|
|a Методы структурного анализа и визуализации экспериментальных данных в социальных и медицинских исследованиях
|e монография
|f О. Г. Берестнева, И. А. Осадчая, А. Л. Бурцева
|g Национальный исследовательский Томский политехнический университет (ТПУ)
|
| 210 |
|
|
|a Томск
|c Изд-во ТПУ
|d 2014
|
| 215 |
|
|
|a 92 с.
|c ил.
|
| 320 |
|
|
|a Библиогр.: с. 85-86.
|
| 330 |
|
|
|a В монографии представлены результаты в области моделирования состояния сложных систем. Рассмотрены методы анализа, оценки и прогнозирования состояния сложных систем на примере биосистем. Представлены разработанные авторами информационные технологии формирования знаний в слабоструктурированных предметных областях и визуализации многомерных экспериментальных данных.Подготовлена в рамках проекта № 1957 Госзадания «Наука» Министерства образования и науки и частично поддержана грантом РФФИ, проект 14-07-00675.
|
| 452 |
|
1 |
|0 (RuTPU)RU\TPU\book\322155
|t Методы структурного анализа и визуализации экспериментальных данных в социальных и медицинских исследованиях
|o монография
|f О. Г. Берестнева, И. А. Осадчая, А. Л. Бурцева
|g Национальный исследовательский Томский политехнический университет (ТПУ), Институт кибернетики (ИК), Кафедра прикладной математики (ПМ), Научно-учебная лаборатория информационных технологий в социальных и медицинских исследованиях (НУЛ ИТвСМИ)
|c Томск
|n Изд-во ТПУ
|d 2014
|a Берестнева, Ольга Григорьевна
|
| 606 |
1 |
|
|a Модели когнитивных процессов
|2 stltpush
|3 (RuTPU)RU\TPU\subj\74121
|9 86645
|
| 610 |
1 |
|
|a многомерные данные
|
| 610 |
1 |
|
|a визуализация
|
| 610 |
1 |
|
|a понятия
|
| 610 |
1 |
|
|a структурный анализ
|
| 610 |
1 |
|
|a экспериментальные данные
|
| 610 |
1 |
|
|a больные
|
| 610 |
1 |
|
|a бронхиальная астма
|
| 610 |
1 |
|
|a физиологические особенности
|
| 610 |
1 |
|
|a прикладной анализ
|
| 610 |
1 |
|
|a монографии
|
| 610 |
1 |
|
|a труды учёных ТПУ
|
| 675 |
|
|
|a 004.81
|v 4
|
| 700 |
|
1 |
|a Берестнева
|b О. Г.
|c специалист в области информатики и вычислительной техники
|c профессор Томского политехнического университета, доктор технических наук
|f 1953-
|g Ольга Григорьевна
|3 (RuTPU)RU\TPU\pers\24545
|9 10845
|
| 701 |
|
1 |
|a Осадчая
|b И. А.
|g Ирина Анатолевна
|
| 701 |
|
1 |
|a Бурцева
|b А. Л.
|c специалист в области информатики и вычислительной техники
|c инженер-исследователь Томского политехнического университета
|f 1990-
|g Анна Леонидовна
|3 (RuTPU)RU\TPU\pers\33495
|9 17163
|
| 712 |
0 |
2 |
|a Национальный исследовательский Томский политехнический университет (ТПУ)
|c (2009- )
|3 (RuTPU)RU\TPU\col\15902
|
| 801 |
|
1 |
|a RU
|b 63413507
|c 20150224
|
| 801 |
|
2 |
|a RU
|b 63413507
|c 20150605
|g RCR
|
| 942 |
|
|
|c BK
|